Les 20 chanteurs préférés des français en 2018 - Statistiques

Statistiques générales
  • Ce quiz a été pris 127 fois
  • Le résultat moyen est 7 sur 20
Statistiques - réponses
Classement Indices Artistes % Correct
12 Coach Marseillais Soprano
69%
18 Dj David Guetta
55%
19 Voice 2014 Kendji Girac
50%
17 Comparse de Voulzy Alain Souchon
47%
10 A raccourci son pseudo Maître Gims
47%
8 René Céline Dion
42%
14 Benguigui Patrick Bruel
41%
1 Sister Jane Jean-Jacques Goldman
40%
6 Chanteur énervant Renaud
33%
16 Il est bien là !! Vianney
32%
11 Aspirant baryton Florent Pagny
31%
2 Verlan Stromae
27%
4 Astaffort Francis Cabrel
24%
9 Fernand et Jackie Michel Sardou
23%
15 Ex membre des Charts Calogero
22%
13 Anamorphosée Mylène Farmer
21%
3 Avec ou sans Corinne Téléphone
17%
5 Cinéma F3 Eddy Mitchell
14%
7 Péninsule Indochine
14%
20 2 du 31 Bigflo & Oli
6%
Aucun quiz correspondant
Distribution des résultats
% des personnes avec chaque résultat
Percentile par nombre de réponses
Votre historique - résultats
Vous n’avez pas pris ce quiz